[Event "Naestved"]
[Site "Naestved"]
[Date "1985.??.??"]
[Round "1"]
[White "Vaganian, Rafael A"]
[Black "Andersson, Ulf"]
[Result "0-1"]
[WhiteElo "2625"]
[BlackElo "2590"]

1.d4 Nf6 2.c4 e6 3.Nf3 Bb4+ 4.Nbd2 b6 5.a3 Bxd2+ 6.Bxd2 h6 7.e3 Bb7 8.Bd3 d6
9.Qc2 c5 10.dxc5 bxc5 11.Bc3 Nbd7 12.O-O a5 13.e4 O-O 14.Rad1 Qc7 15.Nh4 Qc6
16.Rfe1 Ne5 17.Re3 a4 18.Qd2 Ra7 19.f4 Nxd3 20.Bxf6 Nxf4 21.Rg3 Ng6 22.Re1 Bc8
23.Rh3 e5 24.Nf5 Bxf5 25.exf5 Nf4 26.Rg3 g6 27.Rg4 Kh7 28.Rf1 Rg8 29.Qe3 Qd7
30.Rgxf4 exf4 31.Qxf4 gxf5 32.Bc3  0-1

[Event "Naestved"]
[Site "Naestved"]
[Date "1985.??.??"]
[Round "1"]
[White "Hansen, Curt"]
[Black "Agdestein, Simen"]
[Result "1/2-1/2"]
[WhiteElo "2500"]
[BlackElo "2515"]

1.Nf3 c5 2.c4 Nf6 3.g3 b6 4.Bg2 Bb7 5.O-O e6 6.b3 Be7 7.Bb2 O-O 8.Nc3 d5
9.e3 Nbd7 10.Qe2 Ne4 11.cxd5 Nxc3 12.dxc3 exd5 13.Rad1 Qc7 14.Nh4 Bxh4 15.gxh4 Nf6
16.c4 dxc4 17.Bxf6 gxf6 18.Qg4+ Kh8 19.Rd7 Bc8 20.Qf3 Bxd7 21.Qxf6+ Kg8 22.Qg5+ Kh8
23.Qf6+  1/2-1/2

[Event "Naestved"]
[Site "Naestved"]
[Date "1985.??.??"]
[Round "1"]
[White "Short, Nigel D"]
[Black "Larsen, Bent"]
[Result "0-1"]
[WhiteElo "2575"]
[BlackElo "2565"]

1.e4 c5 2.Nf3 Nc6 3.d4 cxd4 4.Nxd4 g6 5.c4 Bg7 6.Be3 Nf6 7.Nc3 O-O 8.Be2 d6
9.O-O Re8 10.a3 Bd7 11.f3 a6 12.b4 Rc8 13.Rc1 Nxd4 14.Bxd4 Bh6 15.Rc2 Be6
16.Nd5 Nxd5 17.exd5 Bd7 18.Rc3 e6 19.dxe6 Rxe6 20.c5 Ba4 21.Qxa4 dxc5 22.bxc5 Rxe2
23.Qc4 b5  0-1

[Event "Naestved"]
[Site "Naestved"]
[Date "1985.??.??"]
[Round "2"]
[White "Tal, Mihail"]
[Black "Short, Nigel D"]
[Result "1/2-1/2"]
[WhiteElo "2565"]
[BlackElo "2575"]

1.Nf3 Nf6 2.c4 b6 3.g3 c5 4.Bg2 Bb7 5.O-O e6 6.Nc3 a6 7.d4 cxd4 8.Qxd4 d6
9.Bg5 Be7 10.Bxf6 Bxf6 11.Qd3 Ra7 12.Rad1 Be7 13.Nd4 Bxg2 14.Kxg2 Qc8 15.f4 g6
16.f5 gxf5 17.e4 fxe4 18.Nxe4 f5 19.Ng5 Bxg5 20.Nxe6 Qxe6 21.Rde1 Qxe1 22.Rxe1+ Re7
23.Qd4 Rg8 24.Rxe7+ Kxe7 25.Qxb6 Nd7 26.Qxa6 Rb8 27.b3 Be3 28.Qc6 Ne5 29.Qc7+ Nd7
30.Qc6 Ne5  1/2-1/2

[Event "Naestved"]
[Site "Naestved"]
[Date "1985.??.??"]
[Round "2"]
[White "Ftacnik, Lubomir"]
[Black "Hansen, Curt"]
[Result "1/2-1/2"]
[WhiteElo "2500"]
[BlackElo "2500"]

1.d4 Nf6 2.c4 e6 3.Nf3 b6 4.Nc3 Bb7 5.a3 d5 6.cxd5 Nxd5 7.e3 c5 8.Ne5 a6
9.dxc5 Bxc5 10.Qa4+ Nd7 11.Qxd7+ Qxd7 12.Nxd7 Kxd7 13.Bd2 Nxc3  1/2-1/2

[Event "Naestved"]
[Site "Naestved"]
[Date "1985.??.??"]
[Round "3"]
[White "Vaganian, Rafael A"]
[Black "Tal, Mihail"]
[Result "1/2-1/2"]
[WhiteElo "2625"]
[BlackElo "2565"]

1.d4 Nf6 2.c4 e6 3.Nf3 d5 4.Nc3 Be7 5.Bg5 h6 6.Bxf6 Bxf6 7.e3 O-O 8.Qc2 Na6
9.Rd1 c5 10.dxc5 Qa5 11.cxd5 Nxc5 12.Qd2 Rd8 13.Nd4 exd5 14.Be2 Qb6 15.O-O Ne4
16.Qc2 Nxc3 17.Qxc3 Bf5 18.Qd2 Be4  1/2-1/2

[Event "Naestved"]
[Site "Naestved"]
[Date "1985.??.??"]
[Round "3"]
[White "Hansen, Curt"]
[Black "Chandler, Murray G"]
[Result "0-1"]
[WhiteElo "2500"]
[BlackElo "2525"]

1.d4 Nf6 2.Nf3 e6 3.g3 b5 4.Bg2 Bb7 5.Bg5 c5 6.c3 Be7 7.O-O Na6 8.Nbd2 cxd4
9.cxd4 O-O 10.e3 h6 11.Bxf6 Bxf6 12.Qe2 Qb6 13.Rfc1 Rac8 14.Ne1 Bxg2 15.Kxg2 e5
16.dxe5 Bxe5 17.Nd3 d6 18.Ne4 f5 19.Nd2 Nc5 20.Nf3 Qb7 21.Rd1 Na4 22.Rab1 Rfe8
23.Rd2 Qe4 24.Rbd1 Nb6 25.Nxe5 dxe5 26.Kg1 Nc4 27.Rd7 Nxb2 28.Ng5 Qg4 29.Qxb2 Qxg5
30.Rxa7 Rc6 31.Rdd7 Rg6 32.Qb3+ Kh7 33.Qf7 Rc8 34.Rd5 Qg4 35.Rxe5 Qf3 36.Rc7 Rxc7
37.Qxc7 Rc6  0-1

[Event "Naestved"]
[Site "Naestved"]
[Date "1985.??.??"]
[Round "3"]
[White "Agdestein, Simen"]
[Black "Ftacnik, Lubomir"]
[Result "1/2-1/2"]
[WhiteElo "2515"]
[BlackElo "2500"]

1.Nf3 Nf6 2.c4 c5 3.Nc3 e6 4.g3 b6 5.Bg2 Bb7 6.O-O d6 7.Re1 Nbd7 8.e4 a6
9.d4 cxd4 10.Nxd4 Qc7 11.Be3 Be7 12.Rc1 O-O 13.f4 Rfe8 14.g4 Nc5 15.Bf2 e5
16.fxe5 dxe5 17.Nf5 Rad8 18.Nd5 Nxd5 19.cxd5 a5 20.Nxe7+ Qxe7 21.Qd2 Rc8
22.g5 Qd6 23.Qe3 Rc7  1/2-1/2

[Event "Naestved"]
[Site "Naestved"]
[Date "1985.??.??"]
[Round "4"]
[White "Andersson, Ulf"]
[Black "Hansen, Curt"]
[Result "1/2-1/2"]
[WhiteElo "2590"]
[BlackElo "2500"]

1.Nf3 Nf6 2.c4 e6 3.g3 d5 4.d4 dxc4 5.Qa4+ Nbd7 6.Bg2 a6 7.Nc3 Rb8 8.Qxc4 b5
9.Qd3 Bb7 10.O-O c5 11.dxc5 Bxc5 12.Bf4 Rc8 13.Rad1 O-O 14.Ne5 Bxg2 15.Kxg2 Nxe5
16.Bxe5 Be7 17.Qf3 Qb6 18.Rd2 b4 19.Bxf6 Bxf6 20.Ne4 Be5 21.Ng5 h6 22.Qe4 Qc6
23.Qxc6 Rxc6 24.Nf3 Bf6 25.Rfd1 a5 26.Nd4 Rc4 27.b3  1/2-1/2

[Event "Naestved"]
[Site "Naestved"]
[Date "1985.??.??"]
[Round "4"]
[White "Chandler, Murray G"]
[Black "Agdestein, Simen"]
[Result "1/2-1/2"]
[WhiteElo "2525"]
[BlackElo "2515"]

1.e4 e6 2.d4 d5 3.Nc3 Bb4 4.e5 c5 5.a3 Bxc3+ 6.bxc3 Ne7 7.Nf3 Bd7 8.dxc5 Ba4
9.Rb1 Nd7 10.Rxb7 Nxc5 11.Rb4 Qa5 12.Bd2 O-O 13.c4 Qc7 14.cxd5 exd5 15.Bb5 Bxb5
16.Rxb5 Ne4 17.O-O Rfc8 18.Bb4 a5 19.Be1 h6 20.h3 Nc3 21.Bxc3 Qxc3 22.Re1 Qxa3
23.e6 fxe6 24.Rxe6 Rcb8 25.Nd4 Rxb5 26.Nxb5 Qc5 27.Rxe7 Qxe7 28.Qxd5+ Kh7
29.Qxa8 Qe1+ 30.Kh2 Qe5+ 31.g3 Qxb5 32.Qe4+ Kh8 33.Qd4 a4 34.c4 Qf5 35.Qe3 a3
36.Qxa3 Qxf2+ 37.Kh1 Qf1+  1/2-1/2

[Event "Naestved"]
[Site "Naestved"]
[Date "1985.??.??"]
[Round "4"]
[White "Tal, Mihail"]
[Black "Browne, Walter S"]
[Result "1/2-1/2"]
[WhiteElo "2565"]
[BlackElo "2510"]

1.Nf3 c5 2.c4 Nf6 3.Nc3 e6 4.e3 Nc6 5.d4 d5 6.a3 a6 7.dxc5 Bxc5 8.b4 Bd6
9.Bb2 O-O 10.cxd5 exd5 11.Be2 Bg4 12.O-O Rc8 13.b5 axb5 14.Nxb5 Bxf3 15.Bxf3 Be5
16.Rb1 Qe7 17.Nc3 d4 18.exd4 Nxd4 19.Re1 Rfd8 20.Rc1 Qd6 21.g3 Qb6 22.Rb1 Nxf3+
23.Qxf3 Qa5 24.Rbc1 h6 25.Kg2 Rc6 26.Re2 Kh8 27.Ne4 Bxb2 28.Rxc6 bxc6 29.Rxb2 Nxe4
30.Qxe4 Qxa3 31.Rb7 Rf8  1/2-1/2

[Event "Naestved"]
[Site "Naestved"]
[Date "1985.??.??"]
[Round "5"]
[White "Agdestein, Simen"]
[Black "Andersson, Ulf"]
[Result "1/2-1/2"]
[WhiteElo "2515"]
[BlackElo "2590"]

1.d4 Nf6 2.c4 e6 3.Nf3 d5 4.Nc3 Be7 5.Bg5 O-O 6.Rc1 h6 7.Bh4 dxc4 8.e3 c5
9.dxc5 Qxd1+ 10.Kxd1 Rd8+ 11.Kc2 Bxc5 12.Bxc4 Nc6 13.Rhd1 Bd7 14.Kb1 Be7
15.h3  1/2-1/2

[Event "Naestved"]
[Site "Naestved"]
[Date "1985.??.??"]
[Round "5"]
[White "Ftacnik, Lubomir"]
[Black "Chandler, Murray G"]
[Result "1-0"]
[WhiteElo "2500"]
[BlackElo "2525"]

1.d4 Nf6 2.c4 e6 3.Nf3 b6 4.Nc3 Bb7 5.a3 d5 6.cxd5 exd5 7.Bg5 Be7 8.Qa4+ Nbd7
9.Bxf6 Bxf6 10.e3 a6 11.Bd3 O-O 12.Bf5 Nb8 13.Rd1 Nc6 14.O-O Re8 15.Bb1 Na5
16.Ba2 Rc8 17.Rfe1 g6 18.e4 dxe4 19.Ne5 Bxe5 20.dxe5 Qg5 21.Nxe4 Bxe4 22.Qxe4 c5
23.Rd6 c4 24.e6 Qf6 25.Rxb6 Rxe6 26.Rxe6 Qxe6 27.Qxe6 fxe6 28.Rxe6 Rd8 29.Kf1 Rd2
30.Re2 Rd1+ 31.Re1 Rd2 32.Rc1 Rxb2 33.Bxc4+ Nxc4 34.Rxc4 Rb1+ 35.Ke2 Rb2+
36.Ke1 Rb1+ 37.Kd2 Rg1 38.Rg4 Kg7 39.h4 h5 40.Rg5 Kf7 41.g3 Rb1 42.Ra5 Rb6
43.f3 Rb3 44.Ke2 Kf6 45.Rxa6+ Kf7 46.a4 Ra3 47.a5 Kg7 48.Ra8 Kf7 49.a6 Kg7
50.Kf2 Kf7 51.g4 hxg4 52.fxg4 Kg7 53.g5 Kh7 54.Ke2 Kg7 55.Kd2 Ra1 56.Kc3 Rc1+
57.Kb4 Re1 58.Ra7+  1-0

[Event "Naestved"]
[Site "Naestved"]
[Date "1985.??.??"]
[Round "7"]
[White "Agdestein, Simen"]
[Black "Tal, Mihail"]
[Result "1/2-1/2"]
[WhiteElo "2515"]
[BlackElo "2565"]

1.d4 d6 2.c4 e5 3.Nf3 Nd7 4.Nc3 Ngf6 5.e4 g6 6.g3 Bg7 7.Bg2 O-O 8.O-O a6
9.dxe5 dxe5 10.Qe2 c6 11.Be3 Qe7 12.Ne1 Nc5 13.f3 b5 14.cxb5 axb5 15.Nc2 Ne6
16.b4 Nd4 17.Qf2 Be6 18.Nxd4 exd4 19.Bxd4 Qxb4 20.a3 Qc4 21.Ne2 Rfd8 22.e5 Nd5
23.Rfc1 Qb3 24.Rcb1 Qa4 25.f4 Bf8 26.Bc5 Bxc5 27.Qxc5 Bg4 28.Nd4 Nxf4 29.Rb4 Qxb4
30.Qxb4 Rxd4 31.Qb2 Ne2+ 32.Kf2 Rad8 33.Ke1 Re8 34.Bxc6 Rxe5 35.Kf2 Rf5+
36.Kg2 Rd6 37.Be4 Rh5 38.Re1 Re6 39.Qb4 Rf6 40.h4 Re5 41.Bd3  1/2-1/2

[Event "Naestved"]
[Site "Naestved"]
[Date "1985.??.??"]
[Round "7"]
[White "Ftacnik, Lubomir"]
[Black "Larsen, Bent"]
[Result "1/2-1/2"]
[WhiteElo "2500"]
[BlackElo "2565"]

1.d4 Nf6 2.c4 e6 3.Nf3 b6 4.Nc3 Bb4 5.Qc2 Bb7 6.a3 Bxc3+ 7.Qxc3 d6 8.e3 Nbd7
9.Be2 Ne4 10.Qd3 O-O 11.O-O f5 12.b4 Rf6 13.d5 Rg6 14.Bb2 e5 15.g3 c6 16.Nd2 cxd5
17.cxd5 Ndf6 18.Rad1 h5 19.Bf3 Bxd5 20.Bxh5 Rh6 21.Bf3 Qe8 22.Qe2 Qe6 23.Bg2 Rc8
24.f3 Nc3 25.Bxc3 Rxc3 26.e4 fxe4 27.fxe4 Bb7 28.Nb1 Rc6 29.Rc1 Qb3 30.Rxc6 Bxc6
31.Re1 Kh7 32.Qf3 Qb2 33.Qc3 Qxc3 34.Nxc3 Kg8 35.a4 Kf7 36.a5 Rh8 37.Ra1 b5
38.Rc1 Re8 39.h4 Re7 40.Kf2 Ke8 41.Bf3 Rf7 42.Ke3 Kd8 43.g4 g6 44.g5 Ne8
45.Be2 a6 46.Rh1 Rg7 47.Bg4 Nc7 48.Rf1 Bd7 49.Bxd7 Kxd7 50.Rf6 Ke7 51.Kf3 Rf7
52.Rxf7+ Kxf7 53.Kg4 Kg7 54.Nd5 Nxd5 55.exd5  1/2-1/2

[Event "Naestved"]
[Site "Naestved"]
[Date "1985.??.??"]
[Round "7"]
[White "Hansen, Curt"]
[Black "Short, Nigel D"]
[Result "1/2-1/2"]
[WhiteElo "2500"]
[BlackElo "2575"]

1.d4 e6 2.c4 Nf6 3.Nf3 b6 4.g3 Ba6 5.b3 Bb7 6.Bg2 Bb4+ 7.Bd2 a5 8.O-O O-O
9.Bg5 Be7 10.Nc3 Ne4 11.Bxe7 Qxe7 12.Qc2 Nxc3 13.Qxc3 d6 14.Ne1 Bxg2 15.Nxg2 c5
16.Qf3 Ra7 17.Rfd1 Rc8 18.d5 e5 19.e4 Nd7 20.a4 Rf8 21.Rf1 g6 22.Rae1  1/2-1/2

[Event "Naestved"]
[Site "Naestved"]
[Date "1985.??.??"]
[Round "8"]
[White "Short, Nigel D"]
[Black "Agdestein, Simen"]
[Result "1-0"]
[WhiteElo "2575"]
[BlackElo "2515"]

1.e4 e6 2.d4 d5 3.Nc3 Nf6 4.e5 Nfd7 5.f4 c5 6.Nf3 Nc6 7.Be3 a6 8.Qd2 b5 9.dxc5 Qa5
10.Bd3 b4 11.Ne2 Bxc5 12.O-O O-O 13.Kh1 Bb7 14.Bxh7+ Kxh7 15.Ng5+ Kg8 16.Qd3 Rfe8
17.Qh7+ Kf8 18.f5 Ndxe5 19.Bxc5+ Qxc5 20.fxe6 Ke7 21.Qxg7 Kd6 22.exf7 Rf8
23.Qh6+ Kd7 24.Qh3+ Ke7 25.Qe6+ Kd8 26.Qxe5  1-0

[Event "Naestved"]
[Site "Naestved"]
[Date "1985.??.??"]
[Round "8"]
[White "Tal, Mihail"]
[Black "Ftacnik, Lubomir"]
[Result "1-0"]
[WhiteElo "2565"]
[BlackElo "2500"]

1.e4 c5 2.Nf3 d6 3.d4 cxd4 4.Nxd4 Nf6 5.Nc3 a6 6.Be2 e6 7.O-O Be7 8.f4 O-O
9.Kh1 Qc7 10.a4 b6 11.e5 Ne8 12.exd6 Bxd6 13.f5 e5 14.Nd5 Qd8 15.f6 exd4
16.Qxd4 Nc6 17.Qh4 Bg3 18.Qxg3 Qxd5 19.Bf3 Qc4 20.Bh6 g6 21.b3 Qc3 22.Qh4 Bb7
23.Bxf8 Kxf8 24.Qxh7 Nxf6 25.Qh8+ Ke7 26.Rae1+ Kd6 27.Qg7 Nd5 28.Qxf7 Nd8
29.Qxg6+ Kc5 30.Re4 b5 31.Rd1  1-0

[Event "Naestved"]
[Site "Naestved"]
[Date "1985.??.??"]
[Round "9"]
[White "Ftacnik, Lubomir"]
[Black "Short, Nigel D"]
[Result "0-1"]
[WhiteElo "2500"]
[BlackElo "2575"]

1.d4 Nf6 2.c4 e6 3.Nf3 b6 4.Nc3 Bb7 5.a3 d5 6.cxd5 exd5 7.Bg5 Be7 8.Qa4+ c6
9.e3 O-O 10.Bd3 Ne4 11.Bxe4 Bxg5 12.Nxg5 Qxg5 13.Bf3 Na6 14.O-O Rfd8 15.Rfe1 Nc7
16.b4 Ne6 17.Rad1 Qf6 18.Bg4 Ng5 19.f4 Ne6 20.Qc2 Nc7 21.Rf1 Ba6 22.Rf3 Nb5
23.Nxb5 Bxb5 24.Rh3 h6 25.a4 Bc4 26.Be2 Bxe2 27.Qxe2 Qd6 28.Qd2 a5 29.Rb1 Rdb8
30.b5 Rc8 31.Rf3 cxb5 32.Rxb5 Rc4 33.Qa2 Rac8 34.h3 Qg6 35.Rb2 h5 36.Kh2 h4
37.Qb1 Rc2 38.Rxc2 Rxc2 39.Qf1 Ra2 40.f5 Qd6+ 41.Rf4 Rxa4 42.Qf3 Rc4 43.f6 g6
44.Qg4 a4 45.Qg5 a3 46.e4 dxe4 47.Qh6 Qf8 48.Qxf8+ Kxf8 49.Rxh4 Kg8 50.Rxe4 b5
51.Re8+ Kh7 52.d5 a2 53.Re1 b4  0-1

[Event "Naestved"]
[Site "Naestved"]
[Date "1985.??.??"]
[Round "10"]
[White "Short, Nigel D"]
[Black "Chandler, Murray G"]
[Result "1/2-1/2"]
[WhiteElo "2575"]
[BlackElo "2525"]

1.e4 c5 2.Nf3 d6 3.d4 cxd4 4.Nxd4 Nf6 5.Nc3 a6 6.a4 e5 7.Nf3 Qc7 8.Bg5 Nbd7
9.Nd2 h6 10.Bh4 g5 11.Bg3 Nc5 12.Qf3 Be7 13.Bc4 Ne6 14.h4 Nf4 15.Bxf4 gxf4
16.Nd5 Nxd5 17.Bxd5 Be6 18.Bxe6 fxe6 19.Qb3 Kf7 20.g3 Rac8 21.c3 Rhg8 22.gxf4 exf4
23.Qd1 Qc5 24.Qf3 Qe5 25.Kd1 h5 26.Kc2 Rg4 27.Rag1 Bf6 28.Rxg4 hxg4 29.Qxg4 Rxc3+
30.bxc3 Qxc3+ 31.Kd1 Qa1+ 32.Ke2 Qxh1 33.h5 b5 34.axb5 axb5 35.Qg6+ Ke7 36.h6 Qa1
37.Qh7+ Kf8 38.Qd7 Qe5 39.h7 d5 40.Qxb5 f3+ 41.Kd1  1/2-1/2

[Event "Naestved"]
[Site "Naestved"]
[Date "1985.??.??"]
[Round "10"]
[White "Tal, Mihail"]
[Black "Andersson, Ulf"]
[Result "1/2-1/2"]
[WhiteElo "2565"]
[BlackElo "2590"]

1.d4 Nf6 2.c4 e6 3.Nf3 Bb4+ 4.Bd2 Bxd2+ 5.Qxd2 O-O 6.g3 b6 7.Bg2 Bb7 8.Nc3 Ne4
9.Qd3 f5 10.O-O Nxc3 11.Qxc3 Be4 12.Rfd1 d6 13.Qe3 Rf6 14.Rac1 Qe8 15.c5 bxc5
16.dxc5 d5 17.Ne5  1/2-1/2

[Event "Naestved"]
[Site "Naestved"]
[Date "1985.??.??"]
[Round "10"]
[White "Browne, Walter S"]
[Black "Agdestein, Simen"]
[Result "1/2-1/2"]
[WhiteElo "2510"]
[BlackElo "2515"]

1.d4 Nf6 2.c4 e6 3.Nf3 d5 4.Nc3 Be7 5.Bg5 O-O 6.e3 Nbd7 7.Rc1 a6 8.cxd5 exd5
9.Bd3 Re8 10.O-O c6 11.Qc2  1/2-1/2

[Event "Naestved"]
[Site "Naestved"]
[Date "1985.??.??"]
[Round "11"]
[White "Andersson, Ulf"]
[Black "Short, Nigel D"]
[Result "1/2-1/2"]
[WhiteElo "2590"]
[BlackElo "2575"]

1.Nf3 Nf6 2.c4 b6 3.d4 e6 4.g3 Ba6 5.b3 Bb4+ 6.Bd2 Bxd2+ 7.Nbxd2 Bb7 8.Bg2 c5
9.O-O O-O 10.Qc2 Nc6 11.Qb2 Nxd4 12.Nxd4 Bxg2 13.Kxg2 cxd4 14.Qxd4 d5 15.Rfd1 Rc8
16.Rac1 dxc4 17.Qxd8 Rfxd8 18.Nxc4 Rxd1 19.Rxd1 Kf8 20.Kf3 Ke7 21.e4 Nd7
22.Ke2 f6 23.Rd2 Rc6 24.f3 b5 25.Na3 a6 26.Nc2 Rc5 27.Nd4 Ne5  1/2-1/2

[Event "Naestved"]
[Site "Naestved"]
[Date "1985.??.??"]
[Round "11"]
[White "Chandler, Murray G"]
[Black "Vaganian, Rafael A"]
[Result "0-1"]
[WhiteElo "2525"]
[BlackElo "2625"]

1.e4 e6 2.d4 d5 3.Nc3 Bb4 4.e5 c5 5.a3 Ba5 6.b4 cxd4 7.Qg4 Ne7 8.bxa5 dxc3
9.Qxg7 Rg8 10.Qxh7 Nbc6 11.Nf3 Qc7 12.Bb5 Bd7 13.O-O Nxe5 14.Nxe5 Qxe5 15.Bxd7+ Kxd7
16.Qd3 d4 17.Rb1 Qd5 18.f3 Rac8 19.Bf4 e5 20.Bg3 f6 21.Rb4 Rc7 22.f4 a6 23.fxe5 fxe5
24.Re1 Nc6 25.Rc4 Kd8 26.Rxc3 Re7 27.Re4 Kd7 28.Rc4 Qxa5 29.Qb3 Qb5 30.Qxb5 axb5
31.Rc5 Kd6 32.Rxb5 Ra8 33.Rb3 Kd5 34.Re1 Ra5 35.Bh4 Rg7 36.Rd1 Rc5 37.Rb2 e4
38.Bf6 Rd7 39.g4 e3 40.Kg2 Ke4 41.Re1 Ne5 42.Bxe5 Kxe5 43.Kg3 Rdc7 44.Re2 Ke4
45.h4 Rf7 46.Rb4 Rc8 47.h5 Rf3+ 48.Kg2 Rf4 49.Kg3 Rf3+ 50.Kg2 Rcf8 51.Rxb7 R3f7
52.Rxf7 Rxf7 53.a4 Kf4 54.a5 Rg7 55.Kf1 Kf3 56.a6 Ra7 57.Re1 Rxa6 58.Rb1 Ra2
59.Rc1 e2+ 60.Ke1 Ke3 61.h6 Ra7 62.Rb1 d3  0-1

[Event "Naestved"]
[Site "Naestved"]
[Date "1985.??.??"]
[Round "11"]
[White "Larsen, Bent"]
[Black "Tal, Mihail"]
[Result "1/2-1/2"]
[WhiteElo "2565"]
[BlackElo "2565"]

1.d4 Nf6 2.Nf3 e6 3.g3 d5 4.Bg2 Be7 5.O-O O-O 6.c4 dxc4 7.Qc2 a6 8.Qxc4 b5
9.Qc2 Bb7 10.Bg5 Nbd7 11.Nbd2 Rc8 12.Bxf6 Nxf6 13.Nb3 Be4 14.Qc3 Nd5 15.Qd2 c5
16.Nxc5 Bxc5 17.dxc5 Rxc5 18.Rac1 Rxc1 19.Rxc1 Nf6 20.Qxd8 Rxd8 21.Ne5 Bxg2
22.Kxg2 Ne8 23.Nd3 Kf8 24.Rc6 Rd6 25.Rc8 Ke7 26.Rb8 Nc7 27.f4 Rd8 28.Rb7 Kd7
29.Rb6 Kc8 30.Kf3 a5 31.b3 Rd5 32.Ne5 f6 33.Nc6 Rd6 34.Na7+ Kd7 35.Rb7 Rd5
36.a4 bxa4 37.bxa4 Kd8 38.e3 Rc5 39.Nb5 Kc8 40.Nd6+ Kd7 41.Ne4 Rc4 42.Ra7 f5
43.Nd2 Rxa4 44.Nb3 Ra2 45.h4 a4 46.Rxa4  1/2-1/2